000 00653nam a2200217Ia 4500
003 IN-BaIIA
008 211028s9999 xx 000 0 eng d
020 _a0-7503-0058-2
040 _cIIA Library
080 _a621.391
_bWIL
100 _aWilmshurst, T. H.
_917053
245 0 _aSignal recovery from noise in electronic instrumentation
_cT. H. Wilmshurst
250 _a2nd ed.
260 _aBristol
_bAdam Hilger
_c1990
300 _axii, 233p.
650 _aElectronic equipment
_93162
650 _aInstruments
_92005
650 _aNASA thesaurus
650 _aSignal processing
_93537
942 _cBK
999 _c10077
_d10077